Ο Freud και η παιδαγωγική

Αποθηκεύτηκε σε:
Λεπτομέρειες βιβλιογραφικής εγγραφής
Κύριος συγγραφέας: Cifali, Mireille
Άλλοι συγγραφείς: Imbert, Francis, Παύλου, Βέρα-Ευανθία (Συγγραφέας εισαγωγής κ.λπ., trlf)
Μορφή: Βιβλίο
Γλώσσα:Greek
French
Δημοσίευση: [Αθήνα] : Τυπωθήτω, [2005].
Σειρά:Ψυχανάλυση και εκπαίδευση (Τυπωθήτω) ; 1
Θέματα:
Ετικέτες: Προσθήκη ετικέτας
Δεν υπάρχουν, Καταχωρήστε ετικέτα πρώτοι!

MARC

LEADER 00000cam a2200000 i 4500
001 1/53611
008 070903s2005 gr | ||| |||| ||gre||
020 |a 9604022113 
035 |l 10090332 
040 |a GR-MY-UA  |b gre  |e aacr 
041 1 |a gre  |h fre 
082 7 |a 150.7   |2 (22) 
100 1 |a Cifali, Mireille. 
245 1 2 |a Ο Freud και η παιδαγωγική /   |c Mireille Cifali, Francis Imbert ; μετάφραση, πρόλογος: Βέρα Παύλου. 
260 |a [Αθήνα] :   |b Τυπωθήτω,   |c [2005].  
300 |a 180 σ. ;   |c 20 εκ.  
490 1 |a (Ψυχανάλυση και εκπαίδευση / Τυπωθήτω ;   |v  1) 
504 |a Περιλαμβάνει βιβλιογραφικές παραπομπές. 
500 |a Τίτλος πρωτοτύπου: Freud et la pedagogie 
600 1 0 |a Freud, Sigmund,   |d 1856-1939  |x Psychology. 
600 1 0 |a Aichhorn, August,   |d 1878-1949. 
600 1 0 |a Zulliger, Hans,   |d 1893-1965. 
650 0 0 |a Psychoanalysis. 
650 0 0 |a Education. 
650 0 0 |a Psychoanalysis and education. 
700 1 |a Imbert, Francis. 
700 1 |a Παύλου, Βέρα-Ευανθία,  |e trlf  |e aui 
830 0 |a Ψυχανάλυση και εκπαίδευση (Τυπωθήτω)  |v  ; 1 
852 |a INST  |b RHODES  |e 20070905  |h 150.7 CIF  |p 005400025836  |q 005400025836  |t BK  |y 0 
852 |a INST  |b RHODES  |e 20070903  |h 150.7 CIF  |p 005400026124  |q 005400026124  |t BK  |y 0 
901 |a BIBL4-2007-3 
909 |a Ρ  |b 136349 
909 |a Ρ  |b 138574 
922 |a 4ΕΛΗ  |b 200707  |c ΕΠΕΑΕΚ2/ΠΤΔΕ  |d Σ. ΠΑΤΑΚΗΣ 
922 |a 4ΕΛΗ  |b 200708  |c ΕΠΕΑΕΚ2/ΠΤΔΕ  |d Σ. ΠΑΤΑΚΗΣ 
970 |a ΧΑΡΙΟΠΟΛΙΤΟΥ  |b ΚΩΝΣΤΑΝΤΙΝΑ  |z 2007/09/03